00322nam a2200097Ia 4500008004100000100001500041245006200056245004700118260000900165856005000174160531s9999 xx 000 0 und d aKappas, M. aGlobal Health: A Challenge for Interdisciplinary Research cby M. Kappas, U. Gross, D. Kelleher (eds.) c2012 uhttp://www.oapen.org/search?identifier=441522